000 00219nam a22000857a 4500
008 160829b xxu||||| |||| 00| 0 eng d
100 _9263
_aDass H.K
245 _aMathematics-X
260 _aNew Delhi
_bS.Chand publication
_c2012
999 _c2921
_d2921